Normal view
MARC view
- Habib, Hassan
Entry Personal Name
001 - CONTROL NUMBER
- control field: 119581
003 - CONTROL NUMBER IDENTIFIER
- control field: NUST
005 - DATE AND TIME OF LATEST TRANSACTION
- control field: 20231208163339.0
008 - FIXED-LENGTH DATA ELEMENTS
- fixed length control field: 231208|| aca||aabn | a|a d
040 ## - CATALOGING SOURCE
- Original cataloging agency: NUST
- Transcribing agency: NUST
100 ## - HEADING--PERSONAL NAME
- Personal name: Habib, Hassan
670 ## - SOURCE DATA FOUND
- Source citation: Work cat.: (NUST): Habib, Hassan , Optimization of machining parameters of Nomex honeycomb core for the development of a mesoscale numerical model to predict deformation and failure in core structures /
